000
00218 a2200097 4500
001
50894
100
_a
Parker Sybil P
245
_a
Encyclopedia of physics
260
_a
Newyork
_b
McGraw-Hill
_c
090
_c
32259
_d
32259
942
_a
NUST-CAE
_c
M
_c
24735
999
_c
285967
_d
285967